000 00727nam a2200205 i 4500
001 170161
003 ES-MaACL
005 20230906214315.0
008 090206s1941 fr |||| | fre d
080 _a821.133.1-12"18"
100 0 _aRostand, Edmond.
_999921
245 1 3 _aLa Samaritaine
_b: evangile en trois tableaux en vers /
_cEdmond Rostand ; 41 bois originaux de Jean Lébédeff.
260 _aParis :
_bArthème Fayard,
_c1941.
300 _a112 p. :
_bil. ;
_c24 cm.
490 1 _aLe livre de demain ;
_v224
700 1 _aLebedeff, Jean.
_9139379
830 0 _aLe livre de demain ;
_v224
_9183404
852 4 _aES-MaACL
_jE-12425
_9R.140611
_z. - Biblioteca Jacinto Martínez Lacalle
999 _c170161
_d170161